Slovenský jazyk a literatúra metodická príručka s CD nosičom pre učiteľov 1.-4. ročníka stredných odborných škôl

Bibliographic Details
Main Author: Hroboňová, Anna (Author)
Format: Book
Language:Slovak
PhysicalDescription:58 s. ilustr. 32 cm 1 CD-ROM
Published: Prešov Rokus 2014
ISBN:9788089510139
Edition:1. vyd.
Subjects:

MARC

LEADER 00000nam a2200000 a 4500
001 vtls011533012
003 SK-MaSNL
005 20260301220126.0
008 240318s2014 xo a e 000 0 slo
015 |a SNBA2016/03 
020 |a 9788089510139  |q (brož.) 
040 |a SNK  |b slo  |c SNK  |e AACR2 
041 0 |a slo 
044 |a xo  |c SK 
072 7 |a 811.162.4  |x Slovenčina  |2 konspekt 
080 |a 811.162.4  |2 2011 
080 |a 37.016.026  |2 2011 
080 |a 373.6  |2 2001 
080 |a (072)  |2 2011 
080 |a (076.1)  |2 2011 
080 |a 82  |2 2011 
100 1 |a Hroboňová, Anna  |4 aut  |9 341011 
245 1 0 |a Slovenský jazyk a literatúra  |b metodická príručka s CD nosičom pre učiteľov 1.-4. ročníka stredných odborných škôl  |c Anna Hroboňová 
250 |a 1. vyd. 
260 |a Prešov  |b Rokus  |c 2014 
300 |a 58 s.  |b ilustr.  |c 32 cm  |e 1 CD-ROM 
500 |a Voľné listy v karisbloku 
650 0 7 |a slovenčina  |2 SNKPH  |9 1350 
650 0 7 |a Slovak language  |2 SNKPHeng  |9 266031 
650 0 7 |a didaktika vyučovacích predmetov  |2 SNKPH  |9 4030 
650 0 7 |a stredné odborné školy  |2 SNKPH  |9 67892 
650 0 7 |a Teaching school subjects  |2 SNKPHeng  |9 270805 
650 0 7 |a Secondary vocational schools  |2 SNKPHeng  |9 268406 
650 0 7 |a literatúra  |2 SNKPH  |9 1427 
650 0 7 |a Literature  |2 SNKPHeng  |9 265137 
655 7 |a metodické príručky  |2 SNKPH  |9 70250 
655 7 |a pracovné listy  |2 SNKPH  |9 70565 
655 7 |a Methodological manuals  |2 SNKPHeng  |9 270866 
655 7 |a Activity pages  |2 SNKPHeng  |9 303110 
919 |a 978-80-89510-13-9 
999 |c 930702  |d 932632 
952 |a SNK  |b SNK  |y PREZ  |7 0  |p 17A1182170  |o snkSB 89727  |i snk2016/6497  |8 0  |3 Dokument obsahuje prílohu 1 CD  |0 0  |1 0  |4 0  |d 2016-03-07  |l 0  |r 2025-05-12 00:00:00  |w 2026-02-24 
952 |a SNK  |b SNK  |y PREZ  |7 0  |p 17A1182171  |o snkSB 89727/príl.  |i snk2016/6497  |8 0  |z Príl.: 1 CD  |0 0  |1 0  |4 0  |d 2016-03-07  |l 0  |r 2025-05-12 00:00:00  |w 2026-02-24 
952 |a SNK  |b SNK  |y PREZ  |7 0  |p 17A1182172  |o snkSB 89727 D1  |i snk2016/6499  |8 0  |3 Dokument obsahuje prílohu 1 CD  |0 0  |1 0  |4 0  |d 2016-03-07  |l 0  |r 2026-02-24 08:47:10  |w 2026-02-24 
952 |a SNK  |b SNK  |y PREZ  |7 0  |p 17A1182173  |o snkSB 89727/príl. D1  |i snk2016/6499  |8 0  |z Prí.: 1 CD  |0 0  |1 0  |4 0  |d 2016-03-07  |l 0  |r 2026-02-24 08:47:10  |w 2026-02-24